5HLuxD.jpg

KING HENRY VIII SENIOR AND PRIMARY SCHOOL LIBRARY OPAC

Money hungry / (Record no. 107)

000 -LEADER
fixed length control field 01505cam a2200373 a 4500
001 - CONTROL NUMBER
control field 14605600
003 - CONTROL NUMBER IDENTIFIER
control field OSt
005 - DATE AND TIME OF LATEST TRANSACTION
control field 20190726093804.0
008 - FIXED-LENGTH DATA ELEMENTS--GENERAL INFORMATION
fixed length control field 061023r20072001nyu c 000 1 eng
010 ## - LIBRARY OF CONGRESS CONTROL NUMBER
LC control number 2006937094
020 ## - INTERNATIONAL STANDARD BOOK NUMBER
International Standard Book Number 9781423103868
020 ## - INTERNATIONAL STANDARD BOOK NUMBER
International Standard Book Number 1423103866
040 ## - CATALOGING SOURCE
Original cataloging agency DLC
Transcribing agency DLC
Modifying agency DLC
042 ## - AUTHENTICATION CODE
Authentication code pcc
082 00 - DEWEY DECIMAL CLASSIFICATION NUMBER
Classification number FIC FLA
Edition number 23
100 1# - MAIN ENTRY--PERSONAL NAME
Personal name Flake, Sharon.
Relator term author
245 10 - TITLE STATEMENT
Title Money hungry /
Statement of responsibility, etc. Sharon Flake.
260 ## - PUBLICATION, DISTRIBUTION, ETC.
Place of publication, distribution, etc. New York :
Name of publisher, distributor, etc. Jump at the Sun / Hyperion Paperbacks for Children,
Date of publication, distribution, etc. 2007.
300 ## - PHYSICAL DESCRIPTION
Extent 188 p. ;
Dimensions 21 cm.
500 ## - GENERAL NOTE
General note Sequel: Begging for change.
520 ## - SUMMARY, ETC.
Summary, etc. All thirteen-year-old Raspberry can think of is making money so that she and her mother never have to worry about living on the streets again.
586 ## - AWARDS NOTE
Awards note Coretta Scott King Author Honor Book, 2002.
650 #0 - SUBJECT ADDED ENTRY--TOPICAL TERM
Topical term or geographic name entry element Money
Form subdivision Juvenile fiction.
650 #0 - SUBJECT ADDED ENTRY--TOPICAL TERM
Topical term or geographic name entry element Mothers and daughters
Form subdivision Juvenile fiction.
650 #0 - SUBJECT ADDED ENTRY--TOPICAL TERM
Topical term or geographic name entry element Single-parent families
Form subdivision Juvenile fiction.
650 #0 - SUBJECT ADDED ENTRY--TOPICAL TERM
Topical term or geographic name entry element Inner cities
Form subdivision Juvenile fiction.
650 #0 - SUBJECT ADDED ENTRY--TOPICAL TERM
Topical term or geographic name entry element African Americans
Form subdivision Juvenile fiction.
700 ## - ADDED ENTRY--PERSONAL NAME
Personal name Gilshian, Eileen
Relator term Cover designer
856 42 - ELECTRONIC LOCATION AND ACCESS
Materials specified Publisher description
Uniform Resource Identifier <a href="http://www.loc.gov/catdir/enhancements/fy0912/2006937094-d.html">http://www.loc.gov/catdir/enhancements/fy0912/2006937094-d.html</a>
856 42 - ELECTRONIC LOCATION AND ACCESS
Materials specified Contributor biographical information
Uniform Resource Identifier <a href="http://www.loc.gov/catdir/enhancements/fy1309/2006937094-b.html">http://www.loc.gov/catdir/enhancements/fy1309/2006937094-b.html</a>
906 ## - LOCAL DATA ELEMENT F, LDF (RLIN)
a 7
b cbc
c orignew
d 2
e epcn
f 20
g y-gencatlg
942 ## - ADDED ENTRY ELEMENTS (KOHA)
Source of classification or shelving scheme
Koha item type Books - Fiction
Holdings
Withdrawn status Lost status Source of classification or shelving scheme Damaged status Not for loan Collection code Permanent Location Current Location Shelving location Date acquired Total Checkouts Full call number Barcode Date due Date last seen Date last checked out Price effective from Koha item type
          Fiction KH8 Senior School Library KH8 Senior School Library Fiction 2019-07-26 1 FIC FLA 3KHSL000101132 2023-10-29 2023-10-12 2023-10-12 2019-07-26 Books - Fiction

Powered By KH8 IT Dept